000 00562nam a22001937a 4500
005 20220103155817.0
008 220103b ||||| |||| 00| 0 eng d
040 _cAL
041 _aEng
082 _223
_a327.54051
_bSHAI
100 _aCharan Shandilya
_912333
245 _aIndia-China relations
260 _aGhaziabad
_bPt. Sunderlal Institute of Asian Studies
_c1999
300 _a208 p.
_bHB
_c22.5x14.5 cm.
365 _b₹100.00
_c
_d₹100.00
650 _aIndia -China Relations
_912334
700 _aSHANDILYA (Charan)
_912335
942 _2ddc
_cGF
999 _c221052
_d221052